Guide to the National Anthropological Archives, Smithsonian Institution /

محفوظ في:

مؤلف مشترك: National Anthropological Archives.

مؤلفون آخرون: Glenn, James R.

التنسيق: كتاب

اللغة: English

منشور في: [Washington, D.C.] : National Anthropological Archives, 1996.

الطبعة: Rev. and enl.

الموضوعات:

الوسوم: إضافة وسم

لا توجد وسوم, كن أول من يضع وسما على هذه التسجيلة!

رقم الطلب: Z1209.2 .U5 N38 1996

LEADER 00721nam a22002177a 4500
003 OSt
005 20251201101002.0
008 251201t1996 dcu 001 0 eng u
040 |c ARCE Library 
050 1 4 |a Z1209.2 .U5  |b N38 1996 
110 2 |a National Anthropological Archives. 
245 1 0 |a Guide to the National Anthropological Archives, Smithsonian Institution /   |c James R. Glenn. 
250 |a Rev. and enl. 
264 1 |a [Washington, D.C.] :   |b National Anthropological Archives,   |c 1996. 
300 |a xvii, 328 p. ;   |c 28 cm. 
500 |a Includes index. 
610 2 0 |a National Anthropological Archives   |v Handbooks, manuals, etc. 
700 1 |a Glenn, James R. 
901 |a reviewed 
942 |2 lcc  |c BK 
999 |c 49539  |d 49539